| 000 | 00332nam a2200133Ia 4500 | ||
|---|---|---|---|
| 005 | 20251222152035.0 | ||
| 008 | 251222s9999||||xx |||||||||||||| ||spa|| | ||
| 082 | _a636.082.1/C28 | ||
| 100 | _aCardellino, Ricardo | ||
| 245 | 0 | _aMejoramiento de Genética Animal | |
| 250 | _a1ra.ed. | ||
| 264 | _bHemisferio Sur S.A. | ||
| 942 | _cLIB | ||
| 999 |
_c25823 _d25823 |
||